Chansons les plus streamées : les Rita Mitsouko - Statistiques

Statistiques générales
  • Ce quiz a été pris 48 fois
    12 depuis la dernière actualisation
  • Le résultat moyen est 5 sur 10
Statistiques - réponses
Nb de streams Chanson % Correct
13 500 000 Andy
91%
45 000 000 Marcia Baïla
82%
6 000 000 Marcia Baila - Acoustique
82%
6 500 000 Les histoires d'a
73%
20 500 000 C'est comme ça
45%
1 800 000 Le petit train
45%
2 000 000 Singing in the Shower (avec les Sparks)
27%
14 500 000 Ding Dang Dong (Ringing at Your Bell)
18%
1 800 000 Don't Forget the Nite
18%
2 500 000 Même si
18%
Aucun quiz correspondant
Distribution des résultats
% des personnes avec chaque résultat
Percentile par nombre de réponses
Votre historique - résultats
Vous n’avez pas pris ce quiz depuis la dernière actualisation